| 000 | 00965nac a22002411u 4500 | ||
|---|---|---|---|
| 010 | _a 97206069 | ||
| 020 | _a0198590202 | ||
| 082 | 0 | 0 |
_a671.53 _bSHA |
| 090 |
_c7229 _d7229 |
||
| 100 | _aShaw, Milton Clayton, | ||
| 245 | 1 | 0 |
_aMetal cutting principles / _cMilton C. Shaw. |
| 260 |
_aOxford [Oxfordshire] : _bClarendon Press ; _aNew York : _bOxford University Press,1996 _c1996. |
||
| 300 |
_axxii, 594 p. : _bill. ; _c24 cm. |
||
| 440 | 0 |
_aOxford series on advanced manufacturing ; _v3 |
|
| 440 | 0 | _aOxford science publications | |
| 500 | _adistributer: Al-Ahram | ||
| 504 | _aIncludes bibliographical references and indexes. | ||
| 511 | _acatalogued by: wessam | ||
| 650 | 0 | _aMetal-cutting. | |
| 856 | 4 | 2 |
_3Publisher description _uhttp://www.loc.gov/catdir/enhancements/fy0605/97206069-d.html |
| 856 | 4 | 2 |
_3Table of contents only _uhttp://www.loc.gov/catdir/enhancements/fy0605/97206069-t.html |
| 942 |
_cBB _k671.53SHA |
||
| 999 |
_c7229 _d7229 |
||